Индивидуальность и стиль учения растущего человека книга для родителей и учителей
Раскрывается психологическое содержание понятия «индивидуальный стиль учебной деятельности школьников». Представлены его определение, структурная организация, функции, природная и социальная обусловленность. Особое внимание уделено вопросу психологической поддержки со стороны родителей и учителей пр...
সংরক্ষণ করুন:
| প্রধান লেখক: | |
|---|---|
| বিন্যাস: | Книга |
| বিষয়গুলি: | |
| অনলাইন ব্যবহার করুন: | Перейти к просмотру издания |
| ট্যাগগুলো: |
ট্যাগ যুক্ত করুন
কোনো ট্যাগ নেই, প্রথমজন হিসাবে ট্যাগ করুন!
|
| LEADER | 02704nam0a2200373 4500 | ||
|---|---|---|---|
| 001 | RU/IPR SMART/70621 | ||
| 856 | 4 | |u https://www.iprbookshop.ru/70621.html |z Перейти к просмотру издания | |
| 801 | 1 | |a RU |b IPR SMART |c 20250903 |g RCR | |
| 010 | |a 978-5-91754-227-0 | ||
| 205 | |a Индивидуальность и стиль учения растущего человека |b 2029-01-01 | ||
| 333 | |a Гарантированный срок размещения в ЭБС до 01.01.2029 (автопролонгация) | ||
| 100 | |a 20250903d2016 k y0rusy01020304ca | ||
| 105 | |a y j 000zy | ||
| 101 | 0 | |a rus | |
| 102 | |a RU | ||
| 200 | 1 | |a Индивидуальность и стиль учения растущего человека |e книга для родителей и учителей |f Б. А. Вяткин, О. С. Самбикина | |
| 700 | 1 | |a Вяткин, |b Б. А. |4 070 | |
| 701 | 1 | |a Самбикина, |b О. С. |4 070 | |
| 330 | |a Раскрывается психологическое содержание понятия «индивидуальный стиль учебной деятельности школьников». Представлены его определение, структурная организация, функции, природная и социальная обусловленность. Особое внимание уделено вопросу психологической поддержки со стороны родителей и учителей при формировании и развитии стиля на разных этапах школьного обучения (начальном, основном, старшем). Книга будет полезна учителям и родителям школьников, всем, кто занимается обучением, воспитанием и оказанием психологической помощи школьникам разного возраста. | ||
| 210 | |a Пермь |c Пермский государственный гуманитарно-педагогический университет |d 2016 | ||
| 610 | 1 | |a психология | |
| 610 | 1 | |a человек | |
| 610 | 1 | |a ребенок | |
| 610 | 1 | |a индивидуальность | |
| 610 | 1 | |a школьник | |
| 675 | |a 159.9 | ||
| 686 | |a 88.8 |2 rubbk | ||
| 300 | |a Книга находится в премиум-версии IPR SMART. | ||
| 106 | |a s | ||
| 230 | |a Электрон. дан. (1 файл) | ||
| 336 | |a Текст | ||
| 337 | |a электронный | ||
| 503 | 0 | |a Доступна эл. версия. IPR SMART | |
| 215 | |a 63 с. | ||